000 00511nam a2200181Ia 4500
001 16374
005 20260306170304.0
008 260306t2010||||xx |||||||||||||| ||und||
041 _aESP
082 _a348.55
_bA66
100 _aAraújo Almeida Filho, José Carlos de
_eAUT
245 0 _aProceso electrónico y teoría general del proceso electrónico:
_bla informatización judicial
260 _c2010
300 _a215 páginas :
_c24 cm.
650 _aGEN
654 _aCDE
942 _cLIB
_dJUS
_fJUS
_2ddc
_n
999 _c16374
_d16374